| 000 | 00486 a2200169 4500 | ||
|---|---|---|---|
| 001 | 143409 | ||
| 040 | _cLeonardo Da Vinci | ||
| 041 | _aPortuguês | ||
| 082 |
_a910 B83 _bB83 |
||
| 245 |
_aO Brasil socioeconômico _bum país de contrastes |
||
| 260 |
_bColégio Leonardo da Vinci _c19-- _aOsasco |
||
| 300 | _a274 | ||
| 362 | _a19--0000 | ||
| 490 | _vv. 1 | ||
| 697 |
_aBrasil Socioeconômico _aGeografia do Brasil _aGeografia humana _aComércio exterior _aEnsino Médio |
||
| 942 | _cBK | ||
| 999 |
_c143409 _d143409 |
||